Statistics for FIFA 20 Top 10 Strikers

Click here to take the quiz!

General Stats

  • This quiz has been taken 64 times
  • The average score is 7 of 10

Answer Stats

Rank Player OVA % Correct
1Cristiano Ronaldo93
95%
5Robert Lewandowski89
80%
6Luis Suarez89
79%
7Sergio Agüero89
79%
3Harry Kane89
75%
2Kylian Mbappé89
73%
4Antoine Griezmann89
63%
7Pierre-Emerick Aubameyang88
63%
9Edinson Cavani88
57%
10Son Heung-min87
21%

Score Distribution

Percentile by Number Answered

Percent of People with Each Score

Your Score History

You have not taken this quiz